[Event "Challenge"]
[Site "http://www.queenalice.com/game.php?id=1142304"]
[Date "2013.1.19"]
[Round "-"]
[White "daanimatos"]
[Black "mhr1989"]
[Result "0-1"]
[WhiteElo "868"]
[BlackElo "1055"]

1. d4 d5 2. e4 dxe4 3. Qe2 Qxd4 4. Qf3 exf3 5. gxf3 Qd5 6. c4 Qxf3 7. Nxf3 Be6
8. c5 Nc6 9. Bb5 a6 10. Bc4 Bxc4 11. Nbd2 Na5 12. Nxc4 Nxc4 13. b3 Na5 14. h4
O-O-O 15. Rh3 b6 16. b4 Nc4 17. Ng5 f6 18. Nf7 Kd7 19. Nxh8 Ke6 20. h5 Rd5 21.
Rh4 Re5+ 22. Kf1 b5 23. Rxc4 bxc4 24. Bf4 Rxh5 25. c6 Rh1+ 26. Ke2 Rxa1 27. Bxc7
Rxa2+ 28. Kf3 c3 29. Bd8 c2 30. c7 Ra3+ 31. Kg4 Rc3 32. c8=Q+ Rxc8 33. Bb6 c1=Q
34. Be3 Qd1+ 35. f3 f5+ 36. Kh4 Qxf3 37. Bd4 Qf4+ 38. Kh3 Qxd4 39. b5 Rc3+ 40.
Kg2 Qd2+ 41. Kh1 Rc1# 0-1

[Event "Challenge"]
[Site "http://www.queenalice.com/game.php?id=1142306"]
[Date "2013.1.19"]
[Round "-"]
[White "mhr1989"]
[Black "daanimatos"]
[Result "1-0"]
[WhiteElo "1108"]
[BlackElo "797"]

1. e4 e5 2. Nf3 Bc5 3. Nxe5 d6 4. Nf3 g5 5. Bc4 g4 6. Ng1 b5 7. Bxb5+ c6 8. Bc4
d5 9. exd5 cxd5 10. Bb5+ Ke7 11. Qe2+ Kf8 12. c4 dxc4 13. Qxc4 Be7 14. f3 Be6
15. Qe4 Nf6 16. Qxa8 Qb6 17. Ba4 Nd5 18. h3 Bh4+ 19. Ke2 Qa6+ 20. d3 gxf3+ 21.
Nxf3 Bf6 22. Qxb8+ Kg7 23. Bb5 Rxb8 24. Bxa6 Rb6 25. Bc4 Nf4+ 26. Bxf4 Bxb2 27.
Be5+ Bxe5 28. Nxe5 Bf5 29. g4 Bxd3+ 30. Bxd3 Rd6 31. Nc4 Re6+ 32. Kf3 Rf6+ 33.
Bf5 Rxf5+ 34. gxf5 h6 35. Rg1+ Kh8 36. Nc3 h5 37. Rab1 h4 38. Rb8+ 1-0

[Event "Challenge"]
[Site "http://www.queenalice.com/game.php?id=1143143"]
[Date "2013.1.21"]
[Round "-"]
[White "mhr1989"]
[Black "daanimatos"]
[Result "0-1"]
[WhiteElo "1111"]
[BlackElo "761"]

1. e4 e5 2. Nf3 a5 3. Nxe5 d6 4. Nf3 Ra6 5. Bxa6 bxa6 6. O-O Nc6 7. d4 Nb4 8.
Bg5 f6 9. Bf4 g5 10. Bd2 g4 11. Bxb4 axb4 12. Nh4 f5 13. Nxf5 Bxf5 14. exf5 Qd7
15. Qe2+ Ne7 16. Qxg4 Rg8 17. Qh5+ Kd8 18. Qxh7 Nxf5 19. Qxg8 Qe8 20. Qg5+ Ne7
21. Re1 c5 22. dxc5 dxc5 23. Rd1+ Kc7 24. Qf4+ Kb7 25. c3 a5 26. cxb4 axb4 27.
a3 bxa3 28. Qe4+ Nc6 29. Qxe8 Be7 30. Rxa3 c4 31. Rd7+ Kb6 32. b3 c3 33. Ra4 c2
34. Qg6 c1=Q+ 35. Rd1 Qxd1# 0-1

[Event "Challenge"]
[Site "http://www.queenalice.com/game.php?id=1143144"]
[Date "2013.1.21"]
[Round "-"]
[White "daanimatos"]
[Black "mhr1989"]
[Result "0-1"]
[WhiteElo "775"]
[BlackElo "1108"]

1. e4 e5 2. Nc3 Nf6 3. d3 Bc5 4. a3 O-O 5. b4 Bd6 6. Nb5 a6 7. Nxd6 cxd6 8. Nf3
a5 9. h4 axb4 10. axb4 Rxa1 11. Ng5 Qb6 12. Rh3 Qxb4+ 13. c3 Qxc3+ 14. Ke2 Rxc1
15. Qa4 Qb2+ 16. Kf3 Rxf1 17. Ke3 Qxf2# 0-1

[Event "Challenge"]
[Site "http://www.queenalice.com/game.php?id=1143183"]
[Date "2013.1.21"]
[Round "-"]
[White "daanimatos"]
[Black "mhr1989"]
[Result "0-1"]
[WhiteElo "886"]
[BlackElo "1111"]

1. e4 e5 2. Nf3 Nc6 3. Bc4 Bc5 4. Ng5 Qxg5 5. f4 Qxg2 6. Rf1 Qxh2 7. fxe5 Qg2 8.
d4 Nxd4 9. c3 Nc2+ 10. Qxc2 Qxc2 11. Bxf7+ Ke7 12. Rf2 Qxc1+ 13. Ke2 Qxb2+ 14.
Kf3 Bxf2 15. c4 Kxf7 16. a4 Qxa1 17. Nd2 Be1 18. c5 Bxd2 19. e6+ dxe6 20. e5
Qxa4 21. c6 Qxc6+ 22. Kg4 Nh6+ 23. Kh4 Qh1+ 24. Kg3 Rd8 25. Kf2 Rd3 26. Ke2 Qh2+
27. Kd1 Ba5+ 28. Kc1 Rg3 29. Kb1 Rg1# 0-1

[Event "Challenge"]
[Site "http://www.queenalice.com/game.php?id=1143197"]
[Date "2013.1.21"]
[Round "-"]
[White "mhr1989"]
[Black "daanimatos"]
[Result "1-0"]
[WhiteElo "1118"]
[BlackElo "861"]

1. e4 d6 2. Nc3 Nh6 3. Bc4 Nc6 4. Nf3 Na5 5. d3 Nxc4 6. dxc4 a5 7. Bf4 e5 8.
Bxh6 gxh6 9. O-O Ra6 10. Qd5 c6 11. Qd3 a4 12. b3 Ra5 13. Nxa4 d5 14. Nxe5 f6
15. Nf3 Qe7 16. cxd5 cxd5 17. exd5 Qd7 18. Rfe1+ Kd8 19. Nb6 Qd6 20. Nxc8 Kxc8
21. Re8+ Kc7 22. Qc3+ Rc5 23. Qb4 Bg7 24. Rxh8 Bxh8 25. Nd4 f5 26. Nxf5 Rxd5 27.
Nxd6 Rxd6 28. Qc5+ Rc6 29. Qa5+ Rb6 30. Re1 Kc6 31. Re6+ Kc7 32. Qxb6+ Kb8 33.
Re8# 1-0

[Event "Challenge"]
[Site "http://www.queenalice.com/game.php?id=1143199"]
[Date "2013.1.21"]
[Round "-"]
[White "daanimatos"]
[Black "mhr1989"]
[Result "0-1"]
[WhiteElo "843"]
[BlackElo "1124"]

1. e4 e5 2. h4 d5 3. a4 dxe4 4. Rh3 Bxh3 5. gxh3 Qxh4 6. Nc3 Nf6 7. Nxe4 Qxe4+
8. Be2 Qh1 9. d3 Qxg1+ 10. Bf1 Bb4+ 11. c3 Bc5 12. d4 exd4 13. cxd4 Bb4+ 14. Bd2
Bxd2+ 15. Qxd2 Ne4 16. Qd3 f5 17. f3 Qg3+ 18. Kd1 Nf2+ 19. Kd2 Nxd3 20. Kxd3
Qxf3+ 21. Kd2 O-O 22. Re1 Qf2+ 23. Kd1 Rd8 24. Re2 Qxf1+ 25. Re1 Rxd4+ 26. Kc1
Qxe1+ 27. Kc2 Qg3 28. b3 Rf4 29. Kb2 Rf2+ 30. Ka3 Qxh3 31. Kb4 Nc6+ 32. Kc4 Rf4+
33. Kc5 Qc3+ 34. Kd5 Rd4+ 35. Ke6 Re8+ 36. Kxf5 Qf3+ 37. Kg5 Rg4+ 38. Kh5 Qh3#
0-1

[Event "Challenge"]
[Site "http://www.queenalice.com/game.php?id=1143487"]
[Date "2013.1.21"]
[Round "-"]
[White "mhr1989"]
[Black "daanimatos"]
[Result "1-0"]
[WhiteElo "1129"]
[BlackElo "830"]

1. e4 e5 2. Nf3 d6 3. Nc3 h5 4. Bc4 d5 5. Nxd5 c6 6. Nc3 b5 7. Bb3 b4 8. Nd4
bxc3 9. Qf3 Nh6 10. dxc3 c5 11. Bxh6 Rxh6 12. Qxf7# 1-0

[Event "Challenge"]
[Site "http://www.queenalice.com/game.php?id=1143488"]
[Date "2013.1.21"]
[Round "-"]
[White "daanimatos"]
[Black "mhr1989"]
[Result "0-1"]
[WhiteElo "820"]
[BlackElo "1133"]

1. e4 e5 2. Nf3 Nc6 3. b4 Bxb4 4. c3 Bc5 5. d4 exd4 6. cxd4 Bb4+ 7. Nfd2 Qg5 8.
f4 Qxf4 9. Nc3 Bxc3 10. g3 Qe3+ 11. Be2 Bxa1 12. Nb3 Qc3+ 13. Bd2 Qb2 14. Bc1
Qxa2 15. h4 Nxd4 16. Rh2 Nxb3 17. g4 Qa5+ 18. Kf2 Bd4+ 19. Kf1 d5 20. exd5 Qxd5
21. Rh3 Nf6 22. Re3+ Be6 23. Bd2 Bxe3 24. Bc3 Rd8 25. Bd3 Qxd3+ 26. Qe2 Nxg4 27.
Ke1 Qxc3+ 28. Kf1 Bc4 29. Qxc4 Qxc4+ 30. Ke1 Rd2 31. h5 Qc1# 0-1

[Event "Challenge"]
[Site "http://www.queenalice.com/game.php?id=1143825"]
[Date "2013.1.22"]
[Round "-"]
[White "mhr1989"]
[Black "daanimatos"]
[Result "1-0"]
[WhiteElo "1136"]
[BlackElo "812"]

1. e4 e5 2. Qf3 Bc5 3. Bc4 f5 4. Ne2 Nf6 5. exf5 d5 6. Bb3 e4 7. Qc3 d4 8. Qxc5
Nfd7 9. Qxd4 Rf8 10. Qxg7 Nc6 11. Qxh7 Nd4 12. Nxd4 Nf6 13. Qg6+ Ke7 14. Nc3
Qxd4 15. Qg7+ Kd8 16. Qxf8+ Ne8 17. d3 Bxf5 18. Bg5+ Kd7 19. Qxf5+ Kc6 20. Rd1
a5 21. dxe4 Qb6 22. Ba4+ Qb5 23. Bxb5+ Kb6 24. Nd5+ Kxb5 25. Nxc7+ Kb6 26. Nxa8+
Ka7 27. Be3+ Kxa8 28. Rd8# 1-0

[Event "Challenge"]
[Site "http://www.queenalice.com/game.php?id=1144228"]
[Date "2013.1.23"]
[Round "-"]
[White "mhr1989"]
[Black "daanimatos"]
[Result "1-0"]
[WhiteElo "1163"]
[BlackElo "806"]

1. e4 e5 2. Nf3 Bc5 3. Nxe5 f6 4. d4 Bd6 5. Qh5+ g6 6. Nxg6 hxg6 7. Qxh8 Ke7 8.
Bc4 c5 9. Qh7+ Ke8 10. Qxg8+ Ke7 11. Qf7# 1-0

[Event "Challenge"]
[Site "http://www.queenalice.com/game.php?id=1144229"]
[Date "2013.1.23"]
[Round "-"]
[White "mhr1989"]
[Black "daanimatos"]
[Result "1-0"]
[WhiteElo "1165"]
[BlackElo "802"]

1. e4 e5 2. Bc4 c6 3. Qf3 d5 4. exd5 e4 5. Qxe4+ Ne7 6. dxc6 bxc6 7. Qf4 f6 8.
Nf3 g5 9. Qxf6 Kd7 10. Qxh8 Qe8 11. Qxh7 c5 12. Nxg5 Kc6 13. Qe4+ Kb6 14. Qxa8
Nf5+ 15. Kf1 Qd8 16. Qxb8+ Ka5 17. Qxa7+ Kb4 18. d3 Bd6 19. a3# 1-0

[Event "Challenge"]
[Site "http://www.queenalice.com/game.php?id=1144230"]
[Date "2013.1.23"]
[Round "-"]
[White "daanimatos"]
[Black "mhr1989"]
[Result "0-1"]
[WhiteElo "798"]
[BlackElo "1169"]

1. e4 e5 2. h4 Nf6 3. Rh3 Nxe4 4. Qe2 d5 5. Re3 Bc5 6. d4 Bxd4 7. Rd3 Qxh4 8. g3
Qh1 9. Nf3 Bg4 10. a4 Bxf3 11. Rxf3 Qh2 12. Qb5+ Nd7 13. g4 Rb8 14. Bh3 Qh1+ 15.
Ke2 Qxc1 16. Nc3 Qxa1 17. g5 Nxc3+ 18. bxc3 Bxc3 19. Bxd7+ Ke7 20. Rxc3 Qxc3 21.
Qxd5 Qxc2+ 22. Kf3 Rbd8 23. Qxe5+ Kxd7 24. Qd5+ Ke7 25. Qe5+ Kf8 26. a5 Rd3+ 27.
Kf4 Qxf2+ 28. Kg4 Qf3+ 29. Kh4 f6 30. gxf6 gxf6 31. Qh2 Rg8 32. a6 Qg4# 0-1

[Event "Challenge"]
[Site "http://www.queenalice.com/game.php?id=1144231"]
[Date "2013.1.23"]
[Round "-"]
[White "daanimatos"]
[Black "mhr1989"]
[Result "0-1"]
[WhiteElo "800"]
[BlackElo "1167"]

1. e4 e5 2. a4 Nf6 3. d3 d5 4. f3 dxe4 5. fxe4 Nc6 6. Ra3 Bxa3 7. bxa3 O-O 8. h4
Bg4 9. Qd2 Qd4 10. c3 Qxa4 11. d4 exd4 12. cxd4 Nxd4 13. Nc3 Qe8 14. Qxd4 Rd8
15. Nd5 Nxd5 16. Kd2 Nf4 17. Bb5 Qxb5 18. g3 Rxd4+ 19. Ke3 Qe5 20. Nf3 Ng2+ 21.
Kf2 Bxf3 22. Kxf3 Qxe4+ 23. Kf2 Re8 24. Re1 Qxe1+ 25. Kxg2 Qxc1 26. a4 Re2+ 27.
Kh3 Qh1# 0-1

[Event "Challenge"]
[Site "http://www.queenalice.com/game.php?id=1144300"]
[Date "2013.1.23"]
[Round "-"]
[White "mhr1989"]
[Black "daanimatos"]
[Result "1-0"]
[WhiteElo "1252"]
[BlackElo "796"]

1. e4 e5 2. Nf3 h5 3. Nxe5 d6 4. Nf3 Rh6 5. Nc3 Qe7 6. d4 Re6 7. d5 Rf6 8. Bg5
b5 9. Bxb5+ c6 10. Bxc6+ Nxc6 11. dxc6 Nh6 12. Bxf6 Qxf6 13. Nd5 Qg6 14. Nc7+
Kd8 15. Nxa8 Qxe4+ 16. Qe2 Qb4+ 17. Qd2 Qe4+ 18. Qe3 Qxc2 19. c7+ Kd7 20. Rd1 d5
21. Rxd5+ Kc6 22. Rd2 Qc1+ 23. Rd1 Bb4+ 24. Nd2 Qxb2 25. O-O Bc5 26. Qe8+ Bd7
27. c8=Q+ Kb5 28. Qexd7+ Kb4 29. Qcb7+ Ka5 30. Qxb2 Nf5 31. Rc1 Bd4 32. Nc4+ Ka6
33. Nc7# 1-0

[Event "Challenge"]
[Site "http://www.queenalice.com/game.php?id=1144301"]
[Date "2013.1.23"]
[Round "-"]
[White "daanimatos"]
[Black "mhr1989"]
[Result "0-1"]
[WhiteElo "796"]
[BlackElo "1254"]

1. e4 e5 2. h4 g5 3. Rh3 gxh4 4. Nf3 d5 5. Nxe5 dxe4 6. d3 exd3 7. cxd3 Bxh3 8.
gxh3 Qe7 9. d4 Bg7 10. f4 Qb4+ 11. Bd2 Qxb2 12. Qa4+ Nc6 13. Bc3 Qc1+ 14. Ke2
Qxf4 15. Nd3 Qe4+ 16. Kd2 Bh6+ 17. Kc2 Nf6 18. a3 Rd8 19. Kd1 Qf3+ 20. Be2 Qh1+
21. Ne1 Qxh3 22. Ra2 a6 23. d5 Rxd5+ 24. Rd2 b5 25. Qc4 bxc4 26. Nf3 Qh1+ 27.
Kc2 Bxd2 28. Nbxd2 h3 29. Bxf6 Nd4+ 30. Nxd4 Rg8 31. Kc3 Qh2 32. Bf3 Rc5 33.
Bc6+ Rxc6 34. Nxc6 Qf4 35. Be5 Rg3+ 36. Kc2 Qg4 37. a4 Rg2 38. Kc3 h2 39. a5
h1=Q 40. Nxc4 Qc1+ 41. Kb4 Qcxc4+ 42. Ka3 Qa4# 0-1

[Event "Challenge"]
[Site "http://www.queenalice.com/game.php?id=1145009"]
[Date "2013.1.25"]
[Round "-"]
[White "mhr1989"]
[Black "daanimatos"]
[Result "1-0"]
[WhiteElo "1256"]
[BlackElo "796"]

1. e4 e5 2. Nf3 a5 3. Nxe5 d6 4. Nf3 d5 5. Nc3 Ra6 6. Nxd5 c6 7. Bxa6 bxa6 8.
Nc3 h5 9. d4 g5 10. Bxg5 f6 11. Bf4 Rh7 12. Bxb8 Rb7 13. Bg3 Rb4 14. Qb1 c5 15.
a3 Rxd4 16. Nxd4 Qxd4 17. Qd1 Qc4 18. Qxh5+ Kd8 19. Rd1+ Bd7 20. Qf5 Qf7 21. O-O
Nh6 22. Qh3 Kc8 23. Nd5 Bxh3 24. gxh3 f5 25. Nb6+ Kb7 26. Rd7+ Kxb6 27. Rxf7
Nxf7 28. exf5 c4 29. c3 a4 30. Rd1 Ka7 31. Rd7+ Kb6 32. Rxf7 Bc5 33. Rc7 Kb5 34.
Rb7+ Bb6 35. f6 Kc6 36. Rb8 Bc5 37. f7 a5 38. Rc8+ Kb6 39. h4 Kb5 40. h5 Be7 41.
h6 Kb6 42. h7 Kb7 43. Rc7+ Kb6 44. Rxe7 Kc5 45. f8=Q Kb5 46. h8=Q Ka6 47. Qf5
Kb6 48. Qh6# 1-0